|
|
|
|
| LEADER |
01847nam a2200493 a 4500 |
| 001 |
000584878 |
| 003 |
CZ BrMZK |
| 005 |
20090526093520.0 |
| 007 |
ta |
| 008 |
020124s2001 xr f cze d |
| 015 |
|
|
|a cnb001064796
|
| 020 |
|
|
|a 80-85037-26-2
|
| 040 |
|
|
|a BOA001
|b cze
|
| 041 |
0 |
|
|a cze
|b eng
|
| 043 |
|
|
|a e-xr---
|b e-xr-ol
|2 czenas
|
| 072 |
|
7 |
|a 902
|x Archeologie
|2 Konspekt
|9 8
|
| 080 |
|
|
|a 902.2
|2 MRF
|
| 080 |
|
|
|a 903.2
|2 MRF
|
| 080 |
|
|
|a 903.4
|2 MRF
|
| 080 |
|
|
|a 903'16
|2 MRF
|
| 080 |
|
|
|a (437.325)
|2 MRF
|
| 080 |
|
|
|a (048.8)
|2 MRF
|
| 100 |
1 |
|
|a Kalábková, Pavlína,
|d 1973-
|7 mzk2003183837
|4 aut
|
| 245 |
1 |
0 |
|a Přáslavice.
|p Díly pod dědinou /
|c Pavlína Procházková, Petr Vitula. (I),Sídliště kultury nálevkovitých pohárů
|
| 246 |
3 |
0 |
|a Sídliště kultury nálevkovitých pohárů
|
| 246 |
3 |
|
|a Přáslavice - Díly pod dědinou
|
| 246 |
3 |
3 |
|a Díly pod dědinou
|
| 260 |
|
|
|a Olomouc :
|b Vlastivědné muzeum v Olomouci, Archeologické centrum,
|c 2001
|
| 300 |
|
|
|a 152 s. :
|b il. (některé barev.), mapy ;
|c 30 cm
|
| 490 |
1 |
|
|a Archaeologicae Regionalis Fontes ;
|v 3
|
| 504 |
|
|
|a Obsahuje bibliografii
|
| 520 |
|
|
|a Anglické resumé
|
| 650 |
0 |
7 |
|a archeologické výzkumy
|7 ph118577
|z Česko
|2 czenas
|
| 650 |
0 |
7 |
|a archeologické nálezy
|7 ph137683
|z Česko
|2 czenas
|
| 650 |
0 |
7 |
|a sídliště (archeologie)
|7 ph137685
|z Česko
|2 czenas
|
| 650 |
0 |
7 |
|a kultura nálevkovitých pohárů
|7 ph117031
|z Česko
|2 czenas
|
| 655 |
|
7 |
|a studie
|7 fd133597
|2 czenas
|
| 651 |
|
7 |
|a Přáslavice (Olomouc, Česko)
|7 ge130583
|2 czenas
|
| 700 |
1 |
|
|a Vitula, Petr,
|d 1959-
|7 mzk2003194707
|4 aut
|
| 830 |
|
0 |
|a Archaeologicae Regionalis Fontes
|
| 910 |
|
|
|a BOA001
|b 3-1095.624,1
|
| 990 |
|
|
|a BK
|
| 991 |
|
|
|a 903 ARC
|
| 996 |
6 |
|
|b 2610152926
|c 3-1095.624,1
|l MZK
|r Sklad / do 1 hodiny
|n 1
|p p.v.
|w 000584878
|u 000010
|a 1
|e BOA001
|j MZK50
|s P
|